000 00454nam a22001697a 4500
005 20251108172744.0
008 250721s2003 xx 000 0 ara d
082 1 4 _a811.9/سمح
100 1 _aسمحان، محمد
_eمؤلف
245 1 0 _aالأبدتان سلمى وثورة الروح /
264 1 _aعمان :
_c2003.
300 _a36 ص.
650 1 7 _aالشعر العربي
650 1 7 _aالأردن
942 _2ddc
_cBK
999 _c87690
_d87690